• 首页
  • 本馆介绍
  • 公告通知
  • 最新文献
  • 馆藏检索
  • 电子资源
  • 读者导购
  • 参考咨询
  • 我的图书馆
  • 登录
  • 详细信息显示
  • 放入我的书架
  • 预约/预借图书
  • 作者相关作品
  • 分类相关作品
  • 丛书相关作品
  • 出版社相关作品

书目信息

  • 表格格式
  • 工作单格式
  • 卡片格式
题名:
提高教育质量的探索
    
 
作者:
分册:  
出版信息: 广州   广东人民出版社  1983
页数: 153页
开本: 19cm
丛书名:
单 册:
中图分类: G632.0 , G420
科图分类:
主题词: 中学--教育改革--研究
电子资源:
ISBN:
000 00743nam0 2200253 45
001 0183009820
005 20061110093735.35
010    @dCNY0.44
091    @a7111.0233
100    @a19950620d1983 emky0chiy0121 ea
101 0  @achi
102    @aCN@b440000
105    @ay z 000yy
106    @ar
200 10 @a提高教育质量的探索@Ati gao jiao yu zhi liang de tan suo@e广东广雅中学教改经验选集
210    @a广州@c广东人民出版社@d1983
215    @a153页@d19cm
517 1  @a广东广雅中学教改经验选集@Aguang dong guang ya zhong xue jiao gai jing yan xuan ji
606    @a中学@x教育改革@x研究
690    @aG632.0@v3
690    @aG420
801  0 @aCN@b上海图书馆@c20061110
801  2 @aCN@bNLC@c20040424
905    @f4@b158749-752@dG420@e21
    
    提高教育质量的探索:广东广雅中学教改经验选集.-广州:广东人民出版社,1983
    153页;19cm
    
    
    ISBN :CNY0.44
    
●
相关链接 在E读中查询图书 在五车中查询图书 在当当中查询图书 在豆瓣中查询图书


正题名:提高教育质量的探索     索取号:G420/21         预约/预借

序号 登录号 条形码 馆藏地/架位号 状态 备注
1 0158749   000881157   密集书库/ [索取号:G420/21] 在馆    
2 0158750   000881193   密集书库/ [索取号:G420/21] 在馆    
3 0158751   000881166   密集书库/ [索取号:G420/21] 在馆    
4 0158752   000881148   密集书库/ [索取号:G420/21] 在馆    
5 0158753   002065847   第一样本阅览室/ [索取号:G420/21] 在馆    
欢迎您!
大连网信软件有限公司© 版权所有